College Writings Basics: A Progressive Approach (Record no. 5235)

MARC details
005 - DATE AND TIME OF LATEST TRANSACTION
control field 20250626080638.0
020 ## - INTERNATIONAL STANDARD BOOK NUMBER
International Standard Book Number 0-534-17916-9
082 ## - DEWEY DECIMAL CLASSIFICATION NUMBER
Classification number 808.0427 TYN
100 ## - MAIN ENTRY--PERSONAL NAME
Author name TYNER, T. E.
245 ## - TITLE STATEMENT
Title College Writings Basics: A Progressive Approach
250 ## - EDITION STATEMENT
Edition statement 3rd Ed.
260 ## - PUBLICATION, DISTRIBUTION, ETC.
Place of publication, distribution, etc. Calfonia
Name of publisher, distributor, etc. Wadsworth Publishing Company
Date of publication, distribution, etc. 1993
300 ## - PHYSICAL DESCRIPTION
Extent xviii; 313Pages; Index
Other physical details Pictures
Dimensions 23cm
942 ## - ADDED ENTRY ELEMENTS (KOHA)
Source of classification or shelving scheme Dewey Decimal Classification
Koha item type Books
Holdings
Date last seen Total checkouts Full call number Barcode Price effective from Koha item type Lost status Source of classification or shelving scheme Damaged status Not for loan Withdrawn status Home library Current library Shelving location Date acquired Source of acquisition
06/26/2025   808.0427 DOM0002807 06/26/2025 Books   Dewey Decimal Classification       CBE Dodoma CBE Dodoma General Collection 02/01/1995 Library Budget